Temp-Away thermometer kit.

Bibliographic Details
Format: Physical Object
Language:English
Subjects:

MARC

Tag First Indicator Second Indicator Subfields
LEADER 00000crm a2200000 i 4500
001 in00004538521
005 20241203180918.8
006 rnnn f rn
008 151015n us nnn f rneng
035 |a 103844 
040 |d UtOrBLW 
245 0 0 |a Temp-Away thermometer kit. 
264 3 |a San Diego, CA :  |b DF Labs Inc.,  |c [date unknown] 
300 |a 1 instrument ;  |c 12 x 5 x 3 cm 
336 |a tactile three-dimensional form  |b tcf  |2 rdacontent 
337 |a other  |b x  |2 rdamedia 
338 |a object  |b nr  |2 rdacarrier 
500 |a PTA-3 Thermometer Kit; original Kansas State identification #28 -from packing list. 
561 |a Kansas State University College of Veterinary Medicine (donated to TMV).  |5 TMV 
650 0 |a Veterinary instruments and apparatus.  |0 http://id.loc.gov/authorities/subjects/sh85143041 
650 0 |a Veterinary medicine.  |0 http://id.loc.gov/authorities/subjects/sh85143046 
650 2 |a Equipment and Supplies  |x veterinary.  |0 https://id.nlm.nih.gov/mesh/D004864Q000662 
650 2 |a Veterinary Medicine  |x instrumentation.  |0 https://id.nlm.nih.gov/mesh/D014730Q000295 
999 |a MARS 
999 f f |s cf6ebf59-f51a-34e5-b72d-e0fbeb0217ae  |i 1f44cdf4-2d2b-3b6b-a489-de19f180a425  |t 0 
952 f f |p noncirc  |a Texas A&M University  |b College Station  |c Medical Sciences Library  |s MSL SC Special Collections  |d MSL: Special Collections  |t 0  |e Realia Box 014 level 2 K-035  |h Other scheme  |i unmediated -- object  |m 3238902575359 
998 f f |a Realia Box 014 level 2 K-035  |t 0  |l MSL: Special Collections